Odvody a príjmy Slovenskej republiky ...

Odvody a príjmy SR v nadväznosti na rozpočet Európskych spoločenstiev. Charakteristika jednotlivých povstupových druhov príjmov. Spolufinancovanie.

Saved in:
Bibliographic Details
Main Author: Harušťáková, Iveta
Format: Book Chapter
Language:Slovak
Subjects:
Tags: Add Tag
No Tags, Be the first to tag this record!

MARC

LEADER 00000naa a2200000 4500
001 r049145
005 20230720081346.3
041 0 |a slo 
044 |a SK 
245 1 0 |a Odvody a príjmy Slovenskej republiky ...  |c Iveta Harušťáková 
520 |a Odvody a príjmy SR v nadväznosti na rozpočet Európskych spoločenstiev. Charakteristika jednotlivých povstupových druhov príjmov. Spolufinancovanie. 
610 2 0 |a Európska únia 
610 2 0 |a Európske spoločenstvá 
610 2 0 |a rozpočty 
610 2 0 |a Slovensko 
610 2 0 |a odvody 
610 2 0 |a príjmy 
100 1 |a Harušťáková, Iveta